| 000 | 00390nam a22001337a 4500 | ||
|---|---|---|---|
| 040 | _a1 | ||
| 082 |
_a920 _bFAR 22013 |
||
| 100 | _aAzeem Shah, Farah | ||
| 245 |
_aH/M Qaboos Bin Said Sultan of Oman A Nation Maker Entitled to the Noble Peace Prize _cFarah Azeem Shah |
||
| 260 |
_aIslamabad _bAgha Jee _c2013 |
||
| 300 |
_a200 p. _b23 cm. |
||
| 650 | _aH/M Qaboos Bin Sultan | ||
| 942 |
_2ddc _cBK |
||
| 999 |
_c16086 _d16086 |
||